Rubber plant disease diagnostic system using technique for order preference by similarity to ideal solution (Record no. 67868)

MARC details
000 -LEADER
fixed length control field 00615nam a2200205Ia 4500
100 ## - MAIN ENTRY--AUTHOR NAME
Personal name Ramadiani
245 #0 - TITLE STATEMENT
Title Rubber plant disease diagnostic system using technique for order preference by similarity to ideal solution
260 ## - PUBLICATION, DISTRIBUTION, ETC. (IMPRINT)
Name of publisher Procedia Computer Science
Year of publication 2019
300 ## - PHYSICAL DESCRIPTION
Number of Pages 484-492
500 ## - GENERAL NOTE
General note Source Year: 2019
650 ## - SUBJECT ADDED ENTRY--TOPICAL TERM
Topical Term Expert system
650 ## - SUBJECT ADDED ENTRY--TOPICAL TERM
Topical Term Rubber plant disease
650 ## - SUBJECT ADDED ENTRY--TOPICAL TERM
Topical Term TOPSIS
700 ## - ADDED ENTRY--PERSONAL NAME
Personal name Azainil
700 ## - ADDED ENTRY--PERSONAL NAME
Personal name Jundillah M.L
700 ## - ADDED ENTRY--PERSONAL NAME
Personal name Ramadhani M.S
856 ## - ELECTRONIC LOCATION AND ACCESS
Uniform Resource Identifier Copy (doi.org/10.1016/j.procs.2019.11.148
942 ## - ADDED ENTRY ELEMENTS (KOHA)
Koha item type Journals
Holdings
Withdrawn status Lost status Damaged status Not for loan Home library Current library Shelving location Date acquired Serial Enumeration / chronology Koha item type
      Journals RRII Library RRII Library Pathology 01/01/2021 Volume 161, Issue Journals